<?xml version="1.0" encoding="UTF-8"?>
<record
    xmlns:xsi="http://www.w3.org/2001/XMLSchema-instance"
    xsi:schemaLocation="http://www.loc.gov/MARC21/slim http://www.loc.gov/standards/marcxml/schema/MARC21slim.xsd"
    xmlns="http://www.loc.gov/MARC21/slim">

  <leader>00852nam a22001817a 4500</leader>
  <controlfield tag="005">20241113113435.0</controlfield>
  <datafield tag="010" ind1=" " ind2=" ">
    <subfield code="a">                                  </subfield>
  </datafield>
  <datafield tag="020" ind1=" " ind2=" ">
    <subfield code="c">350.00  </subfield>
    <subfield code="a">8179000908(&#x92D;&#x93E;&#x917;-1)</subfield>
  </datafield>
  <datafield tag="020" ind1=" " ind2=" ">
    <subfield code="c">350.00</subfield>
    <subfield code="a">9788179000737 (&#x92D;&#x93E;&#x917;-2)</subfield>
  </datafield>
  <datafield tag="037" ind1=" " ind2=" ">
    <subfield code="b">&#x90F;&#x92E;.&#x90F;&#x928;.&#x92A;&#x92C;&#x94D;&#x932;&#x93F;&#x936;&#x930;&#x94D;&#x938;</subfield>
  </datafield>
  <datafield tag="082" ind1=" " ind2=" ">
    <subfield code="a">&#x915;</subfield>
  </datafield>
  <datafield tag="100" ind1=" " ind2=" ">
    <subfield code="a">&#x930;&#x93E;&#x91C;&#x92C;&#x939;&#x93E;&#x926;&#x941;&#x930; &#x938;&#x93F;&#x902;&#x939;</subfield>
    <subfield code="9">73900</subfield>
  </datafield>
  <datafield tag="245" ind1=" " ind2=" ">
    <subfield code="a">&#x930;&#x93E;&#x92E;&#x93E;&#x92F;&#x923; &#x915;&#x940; &#x915;&#x939;&#x93E;&#x928;&#x93F;&#x92F;&#x93E;&#x901; /</subfield>
    <subfield code="c">&#x930;&#x93E;&#x91C;&#x92C;&#x939;&#x93E;&#x926;&#x941;&#x930; &#x938;&#x93F;&#x902;&#x939;</subfield>
  </datafield>
  <datafield tag="260" ind1=" " ind2=" ">
    <subfield code="a">&#x928;&#x908; &#x926;&#x93F;&#x932;&#x94D;&#x932;&#x940;</subfield>
    <subfield code="b">&#x90F;&#x92E;.&#x90F;&#x928;.&#x92A;&#x92C;&#x94D;&#x932;&#x93F;&#x936;&#x930;&#x94D;&#x938;</subfield>
    <subfield code="c">2023</subfield>
  </datafield>
  <datafield tag="270" ind1=" " ind2=" ">
    <subfield code="a">w-112, &#x917;&#x94D;&#x930;&#x947;&#x91F;&#x930; &#x915;&#x948;&#x932;&#x93E;&#x936;-1</subfield>
    <subfield code="b">&#x928;&#x908; &#x926;&#x93F;&#x932;&#x94D;&#x932;&#x940;</subfield>
    <subfield code="e">110048</subfield>
  </datafield>
  <datafield tag="300" ind1=" " ind2=" ">
    <subfield code="a">2 &#x92D;&#x93E;- (72&#x92A;&#x943;.) &#x92D;&#x93E;-1;(88 &#x92A;&#x943;. &#x92D;&#x93E;-2)</subfield>
    <subfield code="c">25&#x938;&#x947;&#x92E;&#x940; (&#x938;&#x91C;&#x93F;&#x932;&#x94D;&#x926;)</subfield>
    <subfield code="b">&#x938;&#x91A;&#x93F;&#x924;&#x94D;&#x930;</subfield>
  </datafield>
  <datafield tag="942" ind1=" " ind2=" ">
    <subfield code="2">ddc</subfield>
    <subfield code="c">CH</subfield>
    <subfield code="h">&#x915;</subfield>
    <subfield code="m">&#x930;&#x93E;&#x91C;&#x92C;</subfield>
  </datafield>
  <datafield tag="999" ind1=" " ind2=" ">
    <subfield code="c">205712</subfield>
    <subfield code="d">205712</subfield>
  </datafield>
</record>
